LEADER 00999cam2 2200265 450 001 E600200053752 005 20211213112749.0 100 $a20090917d1964 |||||ita|0103 ba 101 $ager 102 $aDE 200 1 $a1$eDie Zeitanschauungen$edie Augustinischen Ideen, Antichrist und Friedensfürst, Regnum und Sacerdotium$fErnst Bernheim 205 $aNeudruck der Ausgabe Tübingen 1918 210 $aAalen$cScientia Verlag$d1964 215 $aIV, 233 p.$d23 cm 461 1$1001E600200053749$12000 $aMittelalterliche Zeitanschauungen in ihrem Einfluss auf Politik und Geschichtschreibung 700 1$aBernheim$b, Ernst$3A600200056896$4070$0179081 801 0$aIT$bUNISOB$c20211213$gRICA 850 $aUNISOB 852 $aUNISOB$j100$m36868 912 $aE600200053752 940 $aM 102 Monografia moderna SBN 941 $aM 957 $a100$b002575$i-1$gSi$d36868$racquisto$1massimo$2UNISOB$3UNISOB$420090917065031.0$520211213112741.0$6Spinosa 996 $a1$91708304 997 $aUNISOB